Countries of Europe by Flag and First Letter - Statistics

General Stats
  • This quiz has been taken 66,908 times
  • The average score is 23 of 45
Answer Stats
Picture Answer % Correct
Greece
57%
Spain
57%
Switzerland
57%
United Kingdom
57%
Germany
56%
Ireland
56%
Italy
56%
Sweden
56%
Ukraine
56%
Albania
55%
Finland
55%
France
55%
Portugal
55%
Belgium
54%
Norway
54%
Russia
54%
Croatia
53%
Czech Republic
53%
Denmark
53%
Iceland
53%
North Macedonia
53%
Vatican City
53%
Estonia
52%
Netherlands
52%
Poland
52%
Austria
51%
Bosnia & Herzegovina
51%
Kosovo
51%
Malta
51%
Romania
51%
Serbia
51%
Slovakia
51%
Latvia
50%
Luxembourg
50%
Slovenia
50%
Belarus
49%
Hungary
49%
San Marino
49%
Bulgaria
48%
Liechtenstein
47%
Lithuania
47%
Monaco
47%
Montenegro
47%
Andorra
45%
Moldova
45%
No matching quizzes found
Score Distribution
Percent of People with Each Score
Percentile by Number Answered
Your Score History
You have not taken this quiz